000
00314pam a2200133 a 4500
020
_c
041
_h
100
_a
Tony Bennett.
245
_a
Sinatra (Rembering)
_b
Sinatra (Rembering)
_h
Textual Documents
250
_a
1998.
260
_a
[s.l]:
_b
A Life in Pictures
300
_a
128:
_b
Hard.
930
_a
3124
999
_c
236914
_d
236914